000
00298nam a2200133Ia 4500
008
240624s9999 xx 000 0 und d
041
_a
eng
082
_a
659.1 IGN
100
_a
IGNOU
245
_a
CASE STUDIES 6
260
_c
2006
_a
New Delhi
_b
IGNOU
300
_a
30 : p. : cm. ; 26
365
_c
RS
999
_c
6992
_d
6992